[Event "Titled Tuesday intern op 24th Sep Late"]
[Site "Chess.com INT"]
[Date "2024.09.24"]
[Round "1"]
[White "Buenafe Moya, Javier"]
[Black "Yurtseven, Melih"]
[Result "0-1"]
[WhiteElo "2154"]
[BlackElo "2337"]
[PlyCount "172"]
[EventDate "2024.09.24"]
[EventType "swiss (blitz)"]
[EventRounds "11"]
[EventCountry "USA"]
[SourceTitle "EXT 2025"]
[Source "ChessBase"]
[SourceDate "2024.10.14"]
[SourceVersion "1"]
[SourceVersionDate "2024.10.14"]
[SourceQuality "1"]

1. e4 e5 2. Nf3 Nc6 3. Bb5 a6 4. Bxc6 bxc6 5. d4 exd4 6. Qxd4 Nf6 7. 0-0 Be7 8. e5 Nd5 9. c4 Nb6 10. a4 c5 11. Qe4 a5 12. Nc3 0-0 13. h4 Rb8 14. Bg5 Bb7 15. Nd5 Nxd5 16. cxd5 Re8 17. Rad1 d6 18. Bxe7 Qxe7 19. Ng5 g6 20. e6 fxe6 21. Nxe6 Bxd5 22. Qxd5 Qxe6 23. Qc6 Qf7 24. Rd2 Rb6 25. Qf3 Qxf3 26. gxf3 Rb4 27. h5 Rxa4 28. hxg6 hxg6 29. Kg2 Rh4 30. Kg3 Rd4 31. Rc2 Re5 32. f4 Rf5 33. Re1 Rdxf4 34. Rce2 Rf7 35. Re8+ Kg7 36. Ra8 Rxf2 37. Rxa5 Rxb2 38. Re8 Rb3+ 39. Kg4 Rb4+ 40. Kg3 Rb3+ 41. Kg4 Rb1 42. Raa8 Rg1+ 43. Kh3 Kf6 44. Rh8 Rh1+ 45. Kg2 Rxh8 46. Rxh8 Ke6 47. Rg8 Rf6 48. Kg3 Kd5 49. Kg4 c4 50. Rg7 c5 51. Kg5 Rf1 52. Ra7 c3 53. Ra2 Kd4 54. Kxg6 Kd3 55. Ra6 d5 56. Rc6 c4 57. Rd6 d4 58. Ra6 Rf3 59. Ra2 Rf7 60. Kxf7 c2 61. Ra1 Kd2 62. Ke6 c1Q 63. Ra2+ Qc2 64. Ra1 Qe4+ 65. Kd6 c3 66. Kc5 d3 67. Ra2+ c2 68. Ra3 Qa4 69. Rxa4 c1Q+ 70. Kb6 Qb2+ 71. Ka5 Qc3+ 72. Kb5 Qb3+ 73. Rb4 Qxb4+ 74. Kxb4 Kc2 75. Ka3 d2 76. Ka2 d1R 77. Ka3 Rb1 78. Ka2 Rb8 79. Ka3 Kc3 80. Ka4 Kc4 81. Ka5 Kc5 82. Ka6 Kc6 83. Ka5 Rb5+ 84. Ka6 Rg5 85. Ka7 Rg8 86. Ka6 Ra8# 0-1

[Event "Titled Tuesday intern op 24th Sep Late"]
[Site "Chess.com INT"]
[Date "2024.09.24"]
[Round "6"]
[White "Damjanovic, Vuk"]
[Black "Buenafe Moya, Javier"]
[Result "1-0"]
[WhiteElo "2364"]
[BlackElo "2154"]
[PlyCount "65"]
[EventDate "2024.09.24"]
[EventType "swiss (blitz)"]
[EventRounds "11"]
[EventCountry "USA"]
[SourceTitle "EXT 2025"]
[Source "ChessBase"]
[SourceDate "2024.10.14"]
[SourceVersion "1"]
[SourceVersionDate "2024.10.14"]
[SourceQuality "1"]

1. d4 Nf6 2. Nf3 d5 3. c4 e6 4. Nc3 Bb4 5. Qa4+ Nc6 6. Bg5 h6 7. Bxf6 Qxf6 8. cxd5 exd5 9. e3 0-0 10. Rc1 Bg4 11. Be2 a6 12. h3 Be6 13. 0-0 Bd6 14. e4 dxe4 15. Nxe4 Qf4 16. Ng3 Bd5 17. Rfd1 Rae8 18. a3 g6 19. Rc3 h5 20. Qc2 Kg7 21. Qd2 Qf6 22. Ne5 Bxe5 23. dxe5 Rxe5 24. Bxh5 gxh5 25. f4 Rf5 26. Nxf5+ Qxf5 27. Qxd5 Qxf4 28. Rf3 Qa4 29. Qg5+ Kh7 30. Qxh5+ Kg7 31. Rg3+ Kf6 32. Qg5+ Ke6 33. Re3+ 1-0

[Event "Titled Tuesday intern op 24th Sep Late"]
[Site "Chess.com INT"]
[Date "2024.09.24"]
[Round "9"]
[White "Kamsky, Gata"]
[Black "Buenafe Moya, Javier"]
[Result "1-0"]
[WhiteElo "2609"]
[BlackElo "2154"]
[PlyCount "65"]
[EventDate "2024.09.24"]
[EventType "swiss (blitz)"]
[EventRounds "11"]
[EventCountry "USA"]
[SourceTitle "EXT 2025"]
[Source "ChessBase"]
[SourceDate "2024.10.14"]
[SourceVersion "1"]
[SourceVersionDate "2024.10.14"]
[SourceQuality "1"]

1. d4 Nf6 2. Bf4 g6 3. c3 Bg7 4. Nf3 0-0 5. Nbd2 d6 6. h3 Nbd7 7. e3 Qe8 8. Bc4 e5 9. Bh2 a6 10. a4 b6 11. 0-0 c6 12. Ba2 Ra7 13. Nc4 Ne4 14. Qc2 exd4 15. exd4 d5 16. Nd6 Qe6 17. Nxe4 Qxe4 18. Qxe4 dxe4 19. Ng5 Nf6 20. Rae1 Re8 21. Be5 h6 22. Bxf6 hxg5 23. Bxg5 Kh7 24. f3 f5 25. fxe4 Rxe4 26. Rxe4 fxe4 27. Re1 b5 28. a5 c5 29. dxc5 Bb7 30. Rd1 Ba8 31. Rd8 Bc6 32. Bg8+ Kh8 33. Bd5+ 1-0

[Event "Titled Tuesday intern op 24th Sep Late"]
[Site "Chess.com INT"]
[Date "2024.09.24"]
[Round "7"]
[White "Przybylski, Wojciech"]
[Black "Buenafe Moya, Javier"]
[Result "0-1"]
[WhiteElo "2308"]
[BlackElo "2154"]
[PlyCount "198"]
[EventDate "2024.09.24"]
[EventType "swiss (blitz)"]
[EventRounds "11"]
[EventCountry "USA"]
[SourceTitle "EXT 2025"]
[Source "ChessBase"]
[SourceDate "2024.10.14"]
[SourceVersion "1"]
[SourceVersionDate "2024.10.14"]
[SourceQuality "1"]

1. d4 Nf6 2. c4 e6 3. Nc3 Bb4 4. Qb3 c5 5. e3 Nc6 6. Bd3 0-0 7. Nge2 d5 8. Bd2 cxd4 9. Nxd4 Be7 10. cxd5 Nxd4 11. exd4 Nxd5 12. Nxd5 Qxd5 13. Qxd5 exd5 14. 0-0-0 Bd7 15. h4 a5 16. h5 h6 17. Be3 a4 18. Kb1 b5 19. Rc1 Rfc8 20. f3 b4 21. Bd2 Bd6 22. g4 Kf8 23. Rhe1 Rxc1+ 24. Rxc1 Ke7 25. Re1+ Kf6 26. Rg1 g5 27. Rf1 Kg7 28. Re1 Re8 29. Rc1 Kf6 30. Rf1 Ke7 31. Ba6 Kd8 32. Bb7 Re2 33. Kc1 b3 34. axb3 a3 35. bxa3 Bxa3+ 36. Kd1 Bb5 37. Re1 Rf2 38. Bxd5 Kc7 39. Bc4 Bc6 40. d5 Bd7 41. Be2 Kd6 42. Be3 Rg2 43. Rg1 Rxg1+ 44. Bxg1 Kxd5 45. Bc4+ Ke5 46. Bh2+ Kd4 47. Ke2 f5 48. gxf5 Bxf5 49. Bg1+ Ke5 50. Bh2+ Kd4 51. Bf7 Bb4 52. Bc7 Bd3+ 53. Kf2 Bc2 54. Bb6+ Ke5 55. Be3 Kf6 56. Bc4 Bf5 57. Kg3 Bc3 58. Kf2 Be5 59. Bd5 Bc3 60. Bc4 Bd7 61. Bc5 Be8 62. b4 Bxh5 63. b5 Be8 64. b6 Bc6 65. Ba6 Be5 66. b7 Bb8 67. Bd4+ Kf5 68. Bb6 h5 69. Bd3+ Kf6 70. Be4 Bd7 71. Bd4+ Kf7 72. Bd5+ Kg6 73. Be3 g4 74. fxg4 hxg4 75. Kg2 Kf5 76. Kf2 Ke5 77. Bg2 Kf6 78. Ke2 g3 79. Kf3 Bc6+ 80. Kg4 Bxg2 81. Bd4+ Ke7 82. Bc5+ Kd7 83. Be3 Bxb7 84. Bf4 g2 85. Bxb8 g1Q+ 86. Kf5 Qf2+ 87. Bf4 Bd5 88. Ke5 Be6 89. Be3 Qg3+ 90. Bf4 Qc3+ 91. Ke4 Qc4+ 92. Ke5 Qd5+ 93. Kf6 Qf5+ 94. Kg7 Qxf4 95. Kh8 Qg3 96. Kh7 Qg8+ 97. Kh6 Bf5 98. Kh5 Qg6+ 99. Kh4 Qg4# 0-1

[Event "Titled Tuesday intern op 24th Sep Late"]
[Site "Chess.com INT"]
[Date "2024.09.24"]
[Round "3"]
[White "Shearsby, Jude"]
[Black "Buenafe Moya, Javier"]
[Result "0-1"]
[WhiteElo "2192"]
[BlackElo "2154"]
[PlyCount "108"]
[EventDate "2024.09.24"]
[EventType "swiss (blitz)"]
[EventRounds "11"]
[EventCountry "USA"]
[SourceTitle "EXT 2025"]
[Source "ChessBase"]
[SourceDate "2024.10.14"]
[SourceVersion "1"]
[SourceVersionDate "2024.10.14"]
[SourceQuality "1"]

1. e4 e5 2. d4 exd4 3. c3 d5 4. exd5 Qxd5 5. cxd4 Nf6 6. Nc3 Bb4 7. Be3 0-0 8. Nf3 Qa5 9. Qb3 Be6 10. Bc4 Nd5 11. Bd2 Nxc3 12. bxc3 Bxc4 13. Qxc4 Re8+ 14. Kf1 Bd6 15. g3 Qf5 16. Kg2 Nd7 17. Rhe1 Nb6 18. Qb3 a5 19. a4 Qd5 20. Qxd5 Nxd5 21. Reb1 b6 22. Rb5 c6 23. Rbb1 Reb8 24. Ne1 b5 25. Nd3 f6 26. Nb2 b4 27. c4 Nc3 28. Bxc3 bxc3 29. Nd3 Bb4 30. Kf3 Rb7 31. Ke2 c2 32. Rc1 Re8+ 33. Kf3 Bc3 34. Ra2 Bxd4 35. Raxc2 c5 36. Nf4 Rb3+ 37. Kg2 Ra3 38. Rb1 Re7 39. Nd5 Ra7 40. Rb8+ Kf7 41. Nb6 Be5 42. Rc8 Rb7 43. Nd5 Rxa4 44. Rd2 Bd4 45. Nf4 Rxc4 46. Re2 g5 47. Nd5 Rb2 48. Re7+ Kg6 49. Rg8+ Kf5 50. Rf7 Rxf2+ 51. Kh3 Be5 52. Ne7+ Ke6 53. Rgf8 g4+ 54. Kh4 Rxh2# 0-1

[Event "Montserrat op"]
[Site "Montserrat"]
[Date "2024.08.28"]
[Round "4"]
[White "Giaccio, Alfredo Gustavo"]
[Black "Buenafe Moya, Javier"]
[Result "0-1"]
[WhiteElo "2325"]
[BlackElo "2142"]
[PlyCount "128"]
[EventDate "2024.08.26"]
[EventType "swiss"]
[EventRounds "9"]
[EventCountry "ESP"]
[SourceTitle "CBM 221 Extra"]
[Source "ChessBase"]
[SourceDate "2024.09.30"]
[SourceVersion "1"]
[SourceVersionDate "2024.09.30"]
[SourceQuality "1"]

1. e4 e5 2. Nf3 Nc6 3. Bb5 Nf6 4. 0-0 Nxe4 5. Re1 Nd6 6. Nxe5 Be7 7. Bf1 Nxe5 8. Rxe5 0-0 9. d4 Ne8 10. d5 Nf6 11. h3 Re8 12. Nc3 d6 13. Re1 c6 14. dxc6 bxc6 15. Qf3 d5 16. Bg5 Be6 17. Ne2 h6 18. Bh4 Ne4 19. Bxe7 Qxe7 20. Nd4 Qc5 21. c3 Qb6 22. b3 Bd7 23. Rad1 Qa5 24. c4 Nd2 25. Qf4 Nxf1 26. Rxf1 dxc4 27. bxc4 Qxa2 28. Qc7 Be6 29. Nxe6 Rxe6 30. Rd7 Qxc4 31. Rxf7 Rg6 32. Rf4 Qd5 33. g3 a5 34. Ra1 Kh7 35. Rfa4 Rg5 36. Qb7 Rf8 37. Rxa5 Qd4 38. Qb1+ Kh8 39. Rxg5 Qxf2+ 40. Kh1 Qf3+ 41. Kh2 Qf2+ 42. Kh1 hxg5 43. Qd3 c5 44. Rb1 Qf5 45. Qxf5 Rxf5 46. Rb7 Kh7 47. Kg2 Kg6 48. Rc7 Kf6 49. Rc6+ Ke7 50. g4 Re5 51. Kf3 Kd7 52. Rg6 c4 53. Rxg7+ Kd6 54. Rg8 c3 55. Rd8+ Kc5 56. h4 Kc4 57. Rd1 Rd5 58. Rc1 gxh4 59. Kf4 Rd2 60. g5 Rg2 61. Kf5 h3 62. g6 h2 63. Kf6 Rg1 64. g7 Kd3 0-1

[Event "Mislata op 57th"]
[Site "Mislata"]
[Date "2024.08.17"]
[Round "8"]
[White "Sanchez Romero, Miquel Angel"]
[Black "Buenafe Moya, Javier"]
[Result "0-1"]
[WhiteElo "2070"]
[BlackElo "2142"]
[PlyCount "89"]
[EventDate "2024.08.12"]
[EventType "swiss"]
[EventRounds "9"]
[EventCountry "ESP"]
[SourceTitle "CBM 221 Extra"]
[Source "ChessBase"]
[SourceDate "2024.09.30"]
[SourceVersion "1"]
[SourceVersionDate "2024.09.30"]
[SourceQuality "1"]

1. e4 e5 2. Nf3 Nc6 3. Bb5 a6 4. Ba4 d6 5. c3 Bd7 6. d4 Nf6 7. 0-0 g6 8. Re1 b5 9. Bc2 Bg7 10. Nbd2 0-0 11. dxe5 Nxe5 12. Nxe5 dxe5 13. Nb3 Bc6 14. Qxd8 Rfxd8 15. f3 a5 16. Nc5 a4 17. Be3 Ne8 18. Nd3 Nd6 19. Rad1 Nc4 20. Bc1 Be8 21. b3 axb3 22. Bxb3 Na5 23. Bg5 Rd6 24. Bd5 c6 25. Be7 Rd7 26. Bb4 cxd5 27. Nc5 Rda7 28. exd5 Nb7 29. Ne4 Rxa2 30. Be7 f5 31. Nf6+ Kf7 32. Nxe8 Kxe8 33. Bh4 Rb2 34. Ra1 Raa2 35. Rxa2 Rxa2 36. Rb1 Nd6 37. c4 bxc4 38. Rb8+ Kd7 39. Rd8+ Kc7 40. Rg8 Bh6 41. Rh8 Be3+ 42. Kf1 c3 43. Rxh7+ Kb6 44. Bd8+ Kb5 45. Ke1 0-1

[Event "Mislata op 57th"]
[Site "Mislata"]
[Date "2024.08.15"]
[Round "5"]
[White "Huertas Soris, Ramon Antonio"]
[Black "Buenafe Moya, Javier"]
[Result "0-1"]
[WhiteElo "2042"]
[BlackElo "2142"]
[PlyCount "108"]
[EventDate "2024.08.12"]
[EventType "swiss"]
[EventRounds "9"]
[EventCountry "ESP"]
[SourceTitle "CBM 221 Extra"]
[Source "ChessBase"]
[SourceDate "2024.09.30"]
[SourceVersion "1"]
[SourceVersionDate "2024.09.30"]
[SourceQuality "1"]

1. e4 e5 2. Nf3 Nc6 3. Bc4 Bc5 4. c3 Nf6 5. d4 exd4 6. e5 d5 7. Be2 Ne4 8. cxd4 Bb6 9. Nc3 0-0 10. 0-0 Bg4 11. Be3 Ne7 12. Qc2 Nxc3 13. bxc3 Qd7 14. Rad1 c6 15. Bf4 Bc7 16. Qd2 Ng6 17. Bg3 Rae8 18. Ne1 f6 19. f3 Bf5 20. f4 fxe5 21. fxe5 Bb6 22. Nf3 Bg4 23. Kh1 Qe7 24. h3 Bf5 25. Kh2 Ba5 26. Rc1 h6 27. Bd3 Bxd3 28. Qxd3 Nf4 29. Qe3 Nh5 30. Bh4 g5 31. Be1 Rf4 32. Nd2 Ref8 33. Rxf4 Nxf4 34. Nf3 Qh7 35. Bg3 Qe4 36. Re1 Qf5 37. Rf1 Kh7 38. Nd2 b5 39. Nb3 Bb6 40. Nd2 Kg7 41. Bxf4 gxf4 42. Qf3 a5 43. g3 b4 44. gxf4 bxc3 45. Qxc3 Kh7 46. Qe3 a4 47. Rf2 Bd8 48. Nf1 Bg5 49. Qf3 Bxf4+ 50. Kh1 h5 51. Ne3 Qb1+ 52. Rf1 Qg6 53. Rg1 Qe4 54. Rf1 Bxe3 0-1

[Event "Titled Tuesday intern op 30th Jul Late"]
[Site "Chess.com INT"]
[Date "2024.07.30"]
[Round "6"]
[White "Vargas Pereda, Jesus Manuel"]
[Black "Buenafe Moya, Javier"]
[Result "1-0"]
[WhiteElo "1930"]
[BlackElo "2161"]
[PlyCount "67"]
[EventDate "2024.07.30"]
[EventType "swiss (blitz)"]
[EventRounds "11"]
[EventCountry "USA"]
[SourceTitle "EXT 2025"]
[Source "ChessBase"]
[SourceDate "2024.10.14"]
[SourceVersion "1"]
[SourceVersionDate "2024.10.14"]
[SourceQuality "1"]

1. e4 e5 2. f4 exf4 3. Nf3 d6 4. Bc4 h6 5. h4 Nf6 6. Nc3 Bg4 7. d4 Nh5 8. 0-0 Be7 9. Nd5 Bxh4 10. Nxf4 Bg5 11. Bxf7+ Kxf7 12. Nxh5 Bxh5 13. Nxg5+ Kg6 14. Qd3 hxg5 15. e5+ Kh6 16. Rf5 Nc6 17. Bxg5+ Qxg5 18. Rxg5 Kxg5 19. exd6 cxd6 20. Qg3+ Kh6 21. Qf4+ g5 22. Qxd6+ Bg6 23. c3 Rad8 24. Qc7 Rh7 25. Qg3 Ne7 26. Rf1 Rd5 27. Qh2+ Kg7 28. Qb8 Bf5 29. Qxb7 Kg6 30. Re1 Rd7 31. Qa6+ Kg7 32. Qa3 Kf7 33. Qb3+ Ke8 34. Qg8# 1-0

[Event "Valencia Monteolivete op 4th"]
[Site "Valencia"]
[Date "2024.07.19"]
[Round "7"]
[White "Vinuesa Sorli, Ruben"]
[Black "Buenafe Moya, Javier"]
[Result "1/2-1/2"]
[WhiteElo "2084"]
[BlackElo "2161"]
[PlyCount "150"]
[EventDate "2024.07.15"]
[EventType "swiss"]
[EventRounds "9"]
[EventCountry "ESP"]
[SourceTitle "EXT 2025"]
[Source "ChessBase"]
[SourceDate "2024.10.14"]
[SourceVersion "1"]
[SourceVersionDate "2024.10.14"]
[SourceQuality "1"]

1. e4 e5 2. Nf3 Nc6 3. Bb5 a6 4. Ba4 d6 5. 0-0 Bd7 6. c3 Nf6 7. Re1 g6 8. d4 b5 9. Bc2 Bg7 10. h3 0-0 11. Be3 Re8 12. Nbd2 Rb8 13. d5 Na5 14. b4 Nb7 15. a4 c6 16. axb5 axb5 17. Bg5 Qc7 18. Qe2 Rec8 19. Bd3 Nh5 20. dxc6 Qxc6 21. Rec1 Nd8 22. c4 Ne6 23. cxb5 Qxc1+ 24. Rxc1 Rxc1+ 25. Kh2 Nhf4 26. Bxf4 Nxf4 27. Qe3 Nxd3 28. Qxd3 Bf8 29. Qb3 Rc7 30. h4 Bxb5 31. h5 Be8 32. hxg6 hxg6 33. Nh4 Rcb7 34. Qh3 Rxb4 35. Ndf3 Be7 36. Qg4 R8b6 37. Nf5 Bf6 38. Ne3 Bc6 39. Ng5 Rb8 40. Qh4 Bxg5 41. Qxg5 Rxe4 42. Ng4 Rxg4 43. Qxg4 Kg7 44. Qc4 Rb6 45. Qc3 Be8 46. Qa5 Rc6 47. Qd8 Kf8 48. Qf6 Bd7 49. Qd8+ Be8 50. f3 d5 51. Qxd5 Re6 52. Kg3 Kg7 53. Qd8 f6 54. Qc7+ Bf7 55. Kf2 Ra6 56. g4 g5 57. Qe7 Ra4 58. Ke3 Rf4 59. Qd7 Kf8 60. Qd8+ Be8 61. Qd6+ Kf7 62. Qd5+ Ke7 63. Qc5+ Kd7 64. Qa7+ Kd6 65. Qb8+ Ke7 66. Qb6 Ba4 67. Qc7+ Ke6 68. Qb6+ Kd5 69. Qd8+ Kc5 70. Qa5+ Bb5 71. Qa7+ Kb4 72. Qe7+ Kc4 73. Qf7+ Kb4 74. Qe7+ Ka5 75. Qa7+ Kb4 1/2-1/2

[Event "Titled Tuesday intern op 09th Jul Late"]
[Site "Chess.com INT"]
[Date "2024.07.09"]
[Round "3"]
[White "Buenafe Moya, Javier"]
[Black "Vargas Benavides, Mauricio"]
[Result "1-0"]
[WhiteElo "2161"]
[BlackElo "2000"]
[PlyCount "75"]
[EventDate "2024.07.09"]
[EventType "swiss (blitz)"]
[EventRounds "11"]
[EventCountry "USA"]
[SourceTitle "EXT 2025"]
[Source "ChessBase"]
[SourceDate "2024.10.14"]
[SourceVersion "1"]
[SourceVersionDate "2024.10.14"]
[SourceQuality "1"]

1. c4 e5 2. Nc3 Nc6 3. Nf3 f5 4. g3 Nf6 5. d4 e4 6. Nh4 g6 7. Bg5 Bb4 8. Rc1 0-0 9. Ng2 Kg7 10. Qd2 Rf7 11. h4 Qf8 12. Bh6+ Kg8 13. Bxf8 Rxf8 14. Nf4 d6 15. a3 Bxc3 16. Rxc3 Bd7 17. h5 g5 18. Nd5 h6 19. Nxc7 Rac8 20. Nb5 d5 21. Nd6 Rcd8 22. Nxb7 Rb8 23. Nc5 dxc4 24. e3 Be8 25. Bxc4+ Kg7 26. b4 Nxh5 27. Ne6+ Kf7 28. Nxf8+ Kxf8 29. g4 fxg4 30. Bd5 Ne7 31. Bxe4 g3 32. fxg3 Nxg3 33. Qf2+ Ngf5 34. Bxf5 Nxf5 35. Qxf5+ Kg7 36. Rc7+ Kg8 37. Qh7+ Kf8 38. Qg7# 1-0

[Event "Titled Tuesday intern op 09th Jul Late"]
[Site "Chess.com INT"]
[Date "2024.07.09"]
[Round "10"]
[White "Lopez del Alamo, Antonio"]
[Black "Buenafe Moya, Javier"]
[Result "1-0"]
[WhiteElo "2240"]
[BlackElo "2161"]
[PlyCount "45"]
[EventDate "2024.07.09"]
[EventType "swiss (blitz)"]
[EventRounds "11"]
[EventCountry "USA"]
[SourceTitle "EXT 2025"]
[Source "ChessBase"]
[SourceDate "2024.10.14"]
[SourceVersion "1"]
[SourceVersionDate "2024.10.14"]
[SourceQuality "1"]

1. e4 e5 2. Bc4 Nf6 3. d3 d5 4. exd5 Nxd5 5. Nf3 Nc6 6. h3 Be7 7. 0-0 Be6 8. Re1 f6 9. d4 0-0 10. dxe5 fxe5 11. Nxe5 Bc5 12. Nxc6 bxc6 13. Rxe6 Rxf2 14. Kh1 Qh4 15. Nc3 Qxc4 16. Bd2 Raf8 17. Re1 Qd4 18. Ne4 R2f7 19. Nxc5 Qxc5 20. b3 Qd6 21. c4 Nf6 22. Qe2 Rd7 23. Bc3 1-0

[Event "Titled Tuesday intern op 02nd Jul Late"]
[Site "Chess.com INT"]
[Date "2024.07.02"]
[Round "1"]
[White "Buenafe Moya, Javier"]
[Black "Altini, Nicola"]
[Result "0-1"]
[WhiteElo "2161"]
[BlackElo "2374"]
[PlyCount "100"]
[EventDate "2024.07.02"]
[EventType "swiss (blitz)"]
[EventRounds "11"]
[EventCountry "USA"]
[SourceTitle "EXT 2025"]
[Source "ChessBase"]
[SourceDate "2024.10.14"]
[SourceVersion "1"]
[SourceVersionDate "2024.10.14"]
[SourceQuality "1"]

1. c4 e5 2. Nc3 Bb4 3. Nd5 Be7 4. d4 exd4 5. Qxd4 Nf6 6. Nxe7 Qxe7 7. Bg5 Nc6 8. Bxf6 Nxd4 9. Bxe7 Kxe7 10. 0-0-0 Ne6 11. e3 d6 12. Nf3 a5 13. Bd3 Bd7 14. Nd4 Nc5 15. Bc2 g6 16. Rhe1 h5 17. h4 Bc6 18. Nxc6+ bxc6 19. Kd2 Rhb8 20. Kc3 Rb6 21. f3 Rab8 22. b3 Na6 23. a3 Nc5 24. Rb1 Nd7 25. g4 hxg4 26. fxg4 Rh8 27. Rh1 Nf6 28. Rbg1 Rbb8 29. Kd3 Rh7 30. Ke2 Nd7 31. h5 Rbh8 32. b4 axb4 33. axb4 Ne5 34. c5 Rh6 35. hxg6 Rxh1 36. Rxh1 Rg8 37. gxf7 Rxg4 38. cxd6+ cxd6 39. Rh2 Rxb4 40. Rh7 Rg4 41. Kd2 Nxf7 42. Bb3 d5 43. Kc3 Ke6 44. Bd1 Rg5 45. Ba4 Ne5 46. Rh6+ Kd7 47. Rh7+ Kd6 48. Rh8 Kc5 49. Kd2 Nc4+ 50. Ke2 Re5 0-1

[Event "Titled Tuesday intern op 02nd Jul Late"]
[Site "Chess.com INT"]
[Date "2024.07.02"]
[Round "8"]
[White "Buenafe Moya, Javier"]
[Black "Przybylski, Wojciech"]
[Result "0-1"]
[WhiteElo "2161"]
[BlackElo "2308"]
[PlyCount "88"]
[EventDate "2024.07.02"]
[EventType "swiss (blitz)"]
[EventRounds "11"]
[EventCountry "USA"]
[SourceTitle "EXT 2025"]
[Source "ChessBase"]
[SourceDate "2024.10.14"]
[SourceVersion "1"]
[SourceVersionDate "2024.10.14"]
[SourceQuality "1"]

1. e4 e5 2. Nf3 Nf6 3. Nc3 Bb4 4. Nd5 Nxd5 5. exd5 e4 6. Nd4 0-0 7. c4 Bc5 8. Nb3 Bd6 9. d4 exd3 10. Bxd3 Re8+ 11. Kf1 Na6 12. Be3 Nb4 13. Bb1 b6 14. a3 Na6 15. Nd4 Nc5 16. Qh5 g6 17. Qg5 Ba6 18. b3 Qxg5 19. Bxg5 Nxb3 20. Nb5 Bxb5 21. cxb5 Nxa1 22. h4 Nb3 23. h5 f6 24. Be3 g5 25. h6 Rxe3 26. fxe3 Nd2+ 27. Ke2 Nxb1 28. Rxb1 Re8 29. a4 Bc5 30. Rb3 d6 31. Kf3 Kf7 32. e4 Kg6 33. g4 Kxh6 34. Rb1 Kg6 35. Ra1 h5 36. gxh5+ Kxh5 37. a5 Kg6 38. axb6 Bxb6 39. Ra4 Rh8 40. Kg4 Rh4+ 41. Kf3 Rh3+ 42. Kg4 Re3 43. Rc4 Rb3 44. e5 fxe5 0-1

[Event "Titled Tuesday intern op 02nd Jul Late"]
[Site "Chess.com INT"]
[Date "2024.07.02"]
[Round "5"]
[White "Sailer, Mike L"]
[Black "Buenafe Moya, Javier"]
[Result "0-1"]
[WhiteElo "2095"]
[BlackElo "2161"]
[PlyCount "78"]
[EventDate "2024.07.02"]
[EventType "swiss (blitz)"]
[EventRounds "11"]
[EventCountry "USA"]
[SourceTitle "EXT 2025"]
[Source "ChessBase"]
[SourceDate "2024.10.14"]
[SourceVersion "1"]
[SourceVersionDate "2024.10.14"]
[SourceQuality "1"]

1. d4 Nf6 2. Nf3 b6 3. Bf4 Ba6 4. g3 d5 5. Bg2 e6 6. 0-0 Bd6 7. Bg5 h6 8. Bd2 0-0 9. a4 c5 10. a5 Nc6 11. axb6 axb6 12. dxc5 bxc5 13. Nc3 d4 14. Na4 Bb7 15. e3 e5 16. exd4 Nxd4 17. Nxd4 Bxg2 18. Kxg2 cxd4 19. c3 d3 20. Be3 Nd5 21. Bc5 Bxc5 22. Nxc5 Rxa1 23. Qxa1 Nxc3 24. Nxd3 Qd5+ 25. f3 Ne2 26. Nf2 Nd4 27. Ne4 f5 28. Nc3 Qb7 29. Rf2 Kh7 30. Qa5 e4 31. fxe4 Re8 32. h4 fxe4 33. Kh2 e3 34. Rf4 e2 35. Nxe2 Rxe2+ 36. Kh3 Qh1+ 37. Kg4 Re4 38. Qh5 Rxf4+ 39. gxf4 Qd1+ 0-1

[Event "Titled Tuesday intern op 25th Jun Late"]
[Site "Chess.com INT"]
[Date "2024.06.25"]
[Round "2"]
[White "Karas, Marek"]
[Black "Buenafe Moya, Javier"]
[Result "1-0"]
[WhiteElo "2187"]
[BlackElo "2199"]
[PlyCount "129"]
[EventDate "2024.06.25"]
[EventType "swiss (blitz)"]
[EventRounds "11"]
[EventCountry "USA"]
[SourceTitle "EXT 2025"]
[Source "ChessBase"]
[SourceDate "2024.10.14"]
[SourceVersion "1"]
[SourceVersionDate "2024.10.14"]
[SourceQuality "1"]

1. d4 Nf6 2. Bf4 d5 3. e3 Bf5 4. Nf3 e6 5. c4 c6 6. Qb3 Qc8 7. Nc3 Be7 8. h3 h6 9. Be2 0-0 10. 0-0 Nbd7 11. Rac1 Ne4 12. cxd5 Nxc3 13. bxc3 exd5 14. c4 Nf6 15. Ne5 a5 16. Bf3 a4 17. Qb2 Be4 18. Bxe4 dxe4 19. Rb1 Ra7 20. Qb6 Qa8 21. Rfd1 Bd8 22. Qb4 a3 23. d5 cxd5 24. cxd5 Re8 25. Nc4 Ba5 26. Qb3 b5 27. Qxb5 Rd8 28. d6 Bc3 29. Qb3 Bb2 30. Nxb2 axb2 31. Rxb2 Ra3 32. Qc4 Rc8 33. Qb5 Rd8 34. d7 Rxa2 35. Rxa2 Qxa2 36. Bc7 Qc2 37. Bxd8 Qxd1+ 38. Kh2 Qxd7 39. Qb8 Kh7 40. Bxf6 gxf6 41. Qf4 Qe6 42. g4 Kg7 43. Kg2 Kh7 44. Qg3 Kg7 45. Qf4 Kh7 46. Qc7 Kg7 47. Kg3 f5 48. Qf4 fxg4 49. Qxg4+ Kf6 50. Qxe6+ Kxe6 51. Kg4 Kf6 52. Kf4 Kg6 53. Kxe4 Kh5 54. Kf3 Kh4 55. Kg2 h5 56. Kh2 f5 57. Kg2 f4 58. e4 f3+ 59. Kxf3 Kxh3 60. e5 h4 61. e6 Kh2 62. e7 h3 63. e8Q Kg1 64. Qg6+ Kf1 65. Qb1# 1-0

[Event "Titled Tuesday intern op 18th Jun Early"]
[Site "Chess.com INT"]
[Date "2024.06.18"]
[Round "11"]
[White "Buenafe Moya, Javier"]
[Black "Fathy, Elameir"]
[Result "0-1"]
[WhiteElo "2199"]
[BlackElo "2300"]
[PlyCount "118"]
[EventDate "2024.06.18"]
[EventType "swiss (blitz)"]
[EventRounds "11"]
[EventCountry "USA"]
[SourceTitle "EXT 2025"]
[Source "ChessBase"]
[SourceDate "2024.10.14"]
[SourceVersion "1"]
[SourceVersionDate "2024.10.14"]
[SourceQuality "1"]

1. c4 c6 2. Nf3 Nf6 3. b3 d5 4. e3 e6 5. Bb2 Bd6 6. Be2 0-0 7. 0-0 Qe7 8. Ne5 b6 9. f4 Bb7 10. g4 c5 11. Qe1 Nc6 12. Qg3 Ne4 13. Qh3 Bxe5 14. fxe5 Rad8 15. d3 Ng5 16. Qg3 h6 17. h4 Nh7 18. Nd2 d4 19. exd4 Nxd4 20. Bxd4 Rxd4 21. Nf3 Bxf3 22. Rxf3 f5 23. exf6 Rxf6 24. Raf1 Rxf3 25. Rxf3 Nf6 26. Re3 Qd6 27. Kf2 Qxg3+ 28. Kxg3 Kf7 29. Bf3 g5 30. hxg5 hxg5 31. Kf2 Nxg4+ 32. Bxg4 Rxg4 33. a3 Kf6 34. b4 Rf4+ 35. Ke2 Kf5 36. bxc5 bxc5 37. Rh3 Rh4 38. Rf3+ Ke5 39. Rf8 Rh2+ 40. Ke3 Rh3+ 41. Ke2 Kd4 42. Rd8+ Kc3 43. Rd6 e5 44. Rd5 e4 45. dxe4 Kxc4 46. Rxg5 Rxa3 47. Kd2 a5 48. e5 Rd3+ 49. Kc2 Re3 50. Kb2 Kb4 51. Rg8 Re2+ 52. Kc1 Rxe5 53. Kb2 Re2+ 54. Kc1 a4 55. Rb8+ Kc3 56. Kb1 a3 57. Rb7 Rb2+ 58. Rxb2 axb2 59. Ka2 Kc2 0-1

[Event "Titled Tuesday intern op 18th Jun Early"]
[Site "Chess.com INT"]
[Date "2024.06.18"]
[Round "2"]
[White "Buenafe Moya, Javier"]
[Black "Voitovich, Vladislav"]
[Result "1/2-1/2"]
[WhiteElo "2199"]
[BlackElo "2319"]
[PlyCount "63"]
[EventDate "2024.06.18"]
[EventType "swiss (blitz)"]
[EventRounds "11"]
[EventCountry "USA"]
[SourceTitle "EXT 2025"]
[Source "ChessBase"]
[SourceDate "2024.10.14"]
[SourceVersion "1"]
[SourceVersionDate "2024.10.14"]
[SourceQuality "1"]

1. Nf3 Nf6 2. b3 d5 3. Bb2 Bg4 4. e3 e6 5. Be2 Be7 6. Ne5 Bxe2 7. Qxe2 0-0 8. 0-0 Nbd7 9. f4 Nxe5 10. fxe5 Nd7 11. d3 c5 12. Nd2 Qc7 13. Nf3 b5 14. Rf2 c4 15. Bd4 cxb3 16. cxb3 a5 17. h4 a4 18. bxa4 Rxa4 19. Qb2 Rb4 20. Rc1 Qb7 21. Qc3 Nb6 22. Qc7 Rb8 23. Bxb6 Qxb6 24. Qxe7 Qxe3 25. Rc7 Rf4 26. d4 h6 27. Rb7 Rc8 28. Rc7 Ra8 29. Ra7 Rc8 30. Rc7 Ra8 31. Ra7 Rc8 32. Rc7 1/2-1/2